Enseñar a aprender: construir un espacio colectivo de enseñanza-aprendizaje

Wedi'i Gadw mewn:
Manylion Llyfryddiaeth
Prif Awdur: Bixio, Cecilia (Awdur)
Fformat: Llyfr
Iaith:Sbaeneg
Cyhoeddwyd: Rosario Homo Sapiens 2005
Rhifyn:7a. ed
Cyfres:Colección Educación
Pynciau:
Tagiau: Ychwanegu Tag
Dim Tagiau, Byddwch y cyntaf i dagio'r cofnod hwn!

MARC

LEADER 00000nam a2200000 a 4500
001 UCI9516
003 CL-VaPUC
008 081120e20050000AG |||||||||||||||||spa|d
020 |a 9508082135 
082 0 4 |a 370.15  |b BIX  |2 21 
100 0 |a Bixio, Cecilia  |e author  |9 533326 
245 1 0 |a Enseñar a aprender: construir un espacio colectivo de enseñanza-aprendizaje 
250 |a 7a. ed 
300 |a 130 p 
942 |c BK 
945 |d 20081120 00:00:00  |a jtorresc 
260 |a Rosario  |b Homo Sapiens  |c 2005 
650 0 |a Psicología educacional   |9 307830 
650 0 |a Estrategias de aprendizaje  |9 502281 
650 0 |a Métodos de enseñanza  |9 270413 
650 0 |a Formación de docentes  |9 329378 
583 |a last modification  |c 20081120 00:00:00  |k Rodrigo Vera 
490 0 |a Colección Educación 
999 |c 332040  |d 332038 
952 |0 0  |1 0  |4 0  |6 370_150000000000000_BIX_2005  |7 0  |8 A  |9 419387  |a BIBEDU  |b BIBEDU  |d 2019-11-22  |i 4497279  |o 370.15 BIX 2005  |p 4497279  |r 2019-11-22  |w 2019-11-22  |y BK  |k EPE